00883pam a2200253 a 4500001000500000005001700005020003100022040002300053050002200076082001400098100003100112245008700143260003800230300003700268490002000305505000700325520013000332521001700462521001700479650002200496650005500518650001600573700004000589215820231107160528.0 a9780516020684q(lib. bdg.) aDLCcDLCdDLCbeng00aPE1119b.K77 198500a428.62191 aKowalczyk, Carolyneauthor10aPurple is part of a rainbow /cby Carolyn Kowalczyk ; illustrations by Gene Sharp. aChicago :bChildrens Press,c1985 a29 pages :billustrationsc19 cm1 aA Rookie reader aD  aIntroduces vocabulary and the concept of parts of a whole with examples such as a petal on a flower and a whisker on a kitty. a190 bLexile aD bRaz-Plus 0aReaders (Primary) 0aWhole and parts (Psychology)xJuvenile literature. 1aVocabulary.1 aSharp, Gened1923-2002eillustrator